Open education re-examined /

Bibliographic Details
Main Author: Myers, Donald A.
Other Authors: Myers, Lilian
Format: Book
Language:English
Published: Lexington, Mass. : Lexington Books, [1973]
Subjects:

MARC

Tag First Indicator Second Indicator Subfields
LEADER 00000pam a2200000 4500
001 in00000184530
005 20151009050754.0
008 730723s1973 mau b 00110 eng
010 |a  73011677  
020 |a 0669905143 
035 |a (OCoLC)00677359 
035 |9 AAV1202AM 
040 |a DLC  |c DLC  |d TXA  |d UtOrBLW 
049 |a TXAM  |c [1337420] 
050 0 0 |a LB1029.O6  |b M93 
082 0 |a 372.1/3 
100 1 |a Myers, Donald A. 
245 1 0 |a Open education re-examined /  |c [Edited by] Donald A. Myers [and] Lilian Myers. 
264 1 |a Lexington, Mass. :  |b Lexington Books,  |c [1973] 
300 |a xvi, 142 pages ;  |c 23 cm. 
336 |a text  |b txt  |2 rdacontent 
337 |a unmediated  |b n  |2 rdamedia 
338 |a volume  |b nc  |2 rdacarrier 
504 |a Bibliography: pages 131-135. 
650 0 |a Open plan schools. 
700 1 |a Myers, Lilian. 
999 |a MARS 
999 f f |s c3a91e5b-f22b-31f1-8d88-0f738a7c0a35  |i add7b3c5-7dc9-35e3-99e6-3cb1e022dfab  |t 0 
952 f f |p normal  |a Texas A&M University  |b College Station  |c Sterling C. Evans Library  |d Evans: Library Stacks  |t 0  |e LB1029.O6 M93  |h Library of Congress classification  |i unmediated -- volume  |m A14803241610 
998 f f |a LB1029.O6 M93  |t 0  |l Evans: Library Stacks